000 00522nam a2200169Ia 4500
003 SGT
020 _a9788120307865
082 _a511.7028542
_bRAJ
100 _aRaghavan,V
245 _aComputer oriented numerical methods
250 _a3rd Ed.
260 _bPHI Learning Private Limited
_aNew Delhi
_c1993
300 _a196p.
650 _aMATHEMATICS ENGINEERING
653 _aCOMPUTATIONAL ALGORITHMS,COMPUTER ARITHMETIC,ITERATIVE METHODS,SOLUTION OF SIMUULTANEOUS ALGEBRAIC EQUATIONS,INTERPOLATION
942 _2ddc
_cBK
999 _c5099
_d5099